Wszystkie piosenki bambi - Statystyki

Ogólne statystyki
  • Ten quiz został rozwiązany 11 razy
  • Średni wynik to 34 z 56
Statystyki odpowiedzi
Album Tytuł % Poprawnych
BFF BFF
91%
in real life GRAWITACJA
91%
LATAWCE LATAWCE
91%
in real life LATAWCE
91%
MILLIE WALKY MILLIE WALKY
91%
in real life MILLIE WALKY
91%
Bletki Bletki
82%
chrypki głos nie od fajek chrypki głos nie od fajek
82%
CZEMU NIE ŚPISZ? CZEMU NIE ŚPISZ?
82%
Def Jam World Tour: Berlin CZEMU NIE ŚPISZ?
82%
TRAP OR DIE CZEMU NIE ŚPISZ?
82%
Handpoke Handpoke
82%
ICON ICON
82%
IRL IRL
82%
in real life IRL
82%
MADONNA MADONNA
82%
TRAP OR DIE MADONNA
82%
TRAP OR DIE RUW BAMBICZE
82%
TRAP OR DIE TLEN
82%
TRAP OR DIE TRAP OR DIE
82%
Woda Księżycowa Woda Księżycowa
82%
in real life BIG BIG GIRL
73%
BIG BIG GIRL / KARATE KID BIG BIG GIRL / KARATE KID
73%
TRAP OR DIE CLOUDS
73%
BIG BIG GIRL / KARATE KID KARATE KID
73%
in real life KARATE KID
73%
NEED U NEED U
73%
Def Jam World Tour: Berlin NEED U
73%
TRAP OR DIE 101 DALMATYŃCZYKÓW
64%
RED BULL 64 BARS RED BULL 64 BARS
64%
TRAP OR DIE DRIN ZA DRINEM 2
55%
TRAP OR DIE FOMO
55%
TRAP OR DIE TE SUKI
55%
TRAP OR DIE TO NIE MA ZNACZENIA
55%
WIDZIAŁEM JUŻ WSZYSTKO WIDZIAŁEM JUŻ WSZYSTKO
55%
TRAP OR DIE 4MYGANG
45%
in real life DANCE DANCE
45%
in real life DINA AYADA
45%
in real life HOMECOMING
45%
in real life intro.mp3
45%
TRAP OR DIE JORJA SMITH
45%
TRAP OR DIE NIE CHCESZ MNIE
45%
in real life NIE OTWIERAJ DRZWI
45%
TRAP OR DIE NUMBER ONE
45%
TRAP OR DIE OUTRO
45%
TRAP OR DIE PIERWSZY DIAMENT
45%
in real life VUELO
45%
TRAP OR DIE NIE CHODZĘ Z FANAMI FREESTYLE
36%
in real life TO DLA TYCH OSIEDLI
36%
in real life ZA DUŻO W SZYJE
36%
in real life TIMELAPSE
27%
in real life nie zmieni mnie (outro)
18%
in real life gulasz (skit)
9%
in real life maksiu (skit)
9%
in real life Sarka.wav (skit)
9%
Woda Księżycowa Więcej Życia
9%
Nie znaleziono quizów pasujących do podanych kryteriów
Rozkład punktacji
Procent ludzi z każdym wynikiem
Percentyl według liczby udzielonych odpowiedzi
Twoja historia wyników
Nie rozwiązałeś tego quizu